1176 1518 1443 1286 1443 1014 1827 1117 1411 1059 1816 1345 1234 1073 1931 1150 1164 1555 1841 1903 1670 1638 1340 1458 1830 1967 1921 1493 1568 1586 1523 1606 1405 1295 1001 1528 1114 1166 1922 1205 1142 1397 1485 1218 1456 1552 1542 1667 1317 1192 1160 1990 1887 1729 1781 1560 1107 1988 1847 1646 1011 1283 1355 1500 1913 1992 1412 1348 1137 1107 1012 1842 1625 1713 1036 1776 1556 1601 1008 1584 1794 1995 1557 1505 1420 1612 1280 1553 1283 1378 1624 1368 1213 1092 1070 1143 1252 1069 1481 BCNSPRNW ULIB Ver.6.0+V

เปลี่ยนเป็นภาษาไทย

Change to English
 แสดงรายละเอียดบรรณานุกรม
  กลับหน้าหลัก

Brief Record : Get Marc (ISO 2709) : E-mail record : QR code < ปิดหน้าต่าง
LEADER : 00000nam 2200000uu 4500
001    13399108606
003     ULIB
008    110310s2551||||th 000 0 tha d
020    9789740698937
060 04 QW504^bอ371ว
245 00 วิทยาภูมิคุ้มกันพื้นฐานและคลินิก =^bBasic and clinicalimmunology /^cอรวดี หาญวิวัฒน์วงศ์, บรรณาธิการ
246 31 Basic and clinical immunology
250    พิมพ์ครั้งที่ 1
260    กรุงเทพฯ :^bหน่วยวิทยาภูมิคุ้มกัน ภาควิชาจุลชีววิทยาคณะแพทยศาสตร์ จุฬาลงกรณ์มหาวิทยาลัย,^c2551
300    446 หน้า :^bภาพประกอบ ;^c30 ซม.
650  7 วิทยาภูมิคุ้มกัน
650  7 วิทยาภูมิคุ้มกัน^xเทคนิค
700 0  อรวดี หาญวิวัฒน์วงศ์,^eบรรณาธิการ
710 2  จุฬาลงกรณ์มหาวิทยาลัย. ^bคณะแพทยศาสตร์.^bภาควิชาจุลชีวิทยา
945    ^p450^l0^i024556
945    ^p450^l0^i024550
945    ^p450^l0^i024549
945    ^p450^l0^i024302
945    ^p450^l0^i024548
945    ^p450^l0^i032991
945    ^p450^l0^i032992
945    ^p450^l0^i032993
995    ทศพร
999 ^a ใช้งานได้ทุกระบบ
รายการนี้ยังไม่มีแท็ก
คุณยังไม่ได้ล็อกอิน คุณสามารถมีกิจกรรมร่วมกับเว็บไซต์ได้ แต่ต้องล็อกอินก่อน ::
  ล็อกอิน

รายการสื่อสารสนเทศ

ลำดับที่ ประเภท เลขเรียก/บาร์โค้ด สถานที่ สถานะ
1. วิทยาศาสตร์การแพทย์ และสุขภาพ
วิทยาศาสตร์การแพทย์ และสุขภาพ
QW504 อ371ว ฉ.6 
  Barcode: 032991
ห้องสมุดวิทยาเขตสวรรค์ประชารักษ์
►หนังสือทั่วไป
บนชั้น
2. วิทยาศาสตร์การแพทย์ และสุขภาพ
วิทยาศาสตร์การแพทย์ และสุขภาพ
QW504 อ371ว ฉ.7 
  Barcode: 032992
ห้องสมุดวิทยาเขตสวรรค์ประชารักษ์
►หนังสือทั่วไป
บนชั้น
3. วิทยาศาสตร์การแพทย์ และสุขภาพ
วิทยาศาสตร์การแพทย์ และสุขภาพ
QW504 อ371ว ฉ.8 
  Barcode: 032993
ห้องสมุดวิทยาเขตสวรรค์ประชารักษ์
►หนังสือทั่วไป
บนชั้น

รายการใกล้เคียง
    หัวเรื่อง [วิทยาภูมิคุ้มกัน]

BibComment


ยังไม่เคยถูกคอมเมนท์

คอมเมนท์ทรัพยากรรายการนี้
  คอมเมนท์: วิทยาภูมิคุ้มกันพ..


 Copyright 2026. Bcnsprnw @Library